عرض عادي
عرض مارك
- Sadler, T. W.
مدخل إسم شخص
001 - رقم الضبط
- حقل الضبط: 19507
003 - معرف رقم الضبط
- حقل الضبط: OSt
005 - تاريخ ووقت أخر عملية
- حقل الضبط: 20130111161235.0
008 - عناصر بيانات ثابتة الطول
- حقل تحكم ثابت الطول: 130111|||a|||||| | ||| d
040 ## - مصدر الفهرسة
- هيئة الفهرسة الأصلية: OSt
- وكالة الكتابة: OSt
100 ## - مدخل -- أسم شخص
- إسم شخص: Sadler, T. W.
- الشكل الكامل للاسم: (Thomas W.)
670 ## - بيانات المصدر موجوده
- الاستشهاد بالمصدر: Work cat.: (OSt)0: Sadler, T. W. (Thomas W.), Langman's medical embryology., c2012.
